000 00509nam a22001937a 4500
003 OSt
005 20140310183130.0
008 130531t xxu||||| |||| 00| 0 eng d
020 _a9789715848619
050 _aLC 331
_b.C223 2009
082 _aFIL 230
_bC223 2009
245 _aEncountering God in our life /
_cCanlas, Emil Antonio
300 _axi, 134 p. :
_bill. ;
_c26 cm.
521 _acollege students
526 _c1210L-1700L
541 _j1
562 _e1
942 _2lcc
_cBK
_kFIL
999 _c19114
_d19114